000 00518nam a2200169 i 4500
001 91333
003 ES-MaACL
005 20230906180710.0
007 t|
008 050128s1922 fr ||||1| fre d
100 1 _aLeven, Gabriel.
_971924
245 1 3 _aLa dyspepsie
_b: grands sympthomes et grands syndromes dyspeptiques /
_cpar Gabriel Leven.
250 _a2ème éd.
260 _aParis :
_b[s.n.],
_c1922 (
_eBourges :
_fImp. des Orphelius du Centre)
300 _a302 p. ;
_c23 cm.
852 _aES-MaACL
_jB-11238
999 _c91333
_d91333